书目信息 |
| 题名: |
无印良品的改革
|
|
| 作者: | 渡边米英, 著 ;刘树良 , 张钰 译 | |
| 分册: | ||
| 出版信息: | 北京 中信出版集团 2017 |
|
| 页数: | 213页 | |
| 开本: | 22cm | |
| 丛书名: | ||
| 单 册: | ||
| 中图分类: | F431.368 | |
| 科图分类: | ||
| 主题词: | 轻工业--qing gong ye--工业企业管理--经验--日本 | |
| 电子资源: | ||
| ISBN: | 978-7-5086-7131-4 | |
| 000 | 01086nam0 2200277 450 | |
| 001 | BPC170487512 | |
| 005 | 20170608100825.25 | |
| 010 | @a978-7-5086-7131-4@b精装@dCNY58.00 | |
| 100 | @a20170504d2017 em y0chiy50 ea | |
| 101 | 1 | @achi@cjpn |
| 102 | @aCN@b110000 | |
| 105 | @aa z 000yy | |
| 106 | @ar | |
| 200 | 1 | @a无印良品的改革@Awu yin liang pin de gai ge@e无印良品缘何复苏@f(日) 渡边米英著@g刘树良, 张钰译 |
| 210 | @a北京@c中信出版集团@d2017 | |
| 215 | @a213页@c图@d22cm | |
| 330 | @a本书对無印良品的改革过程进行了总结,揭开导致业绩下滑的根本原因,并详细介绍了無印良品采取的一系列改革措施和所取得的成效。从中能看到無印良品将崇尚自然、简朴生活的企业文化和科学的经营管理有机结合、促进发展的成功模式。 | |
| 517 | 1 | @a无印良品缘何复苏@Awu yin liang pin yuan he fu su |
| 606 | 0 | @a轻工业@Aqing gong ye@x工业企业管理@x经验@y日本 |
| 690 | @aF431.368@v5 | |
| 701 | 0 | @a渡边米英,@Adu bian mi ying@f1952-@4著 |
| 702 | 0 | @a刘树良@Aliu shu liang@4译 |
| 702 | 0 | @a张钰@Azhang yu@4译 |
| 801 | 0 | @aCN@bMUSE@c20181206@g |
| 905 | @aBZT@dF431.368@e2 | |
| 906 | @dCNY58.00@n3@r1 | |
| 无印良品的改革:无印良品缘何复苏/(日) 渡边米英著/刘树良, 张钰译.-北京:中信出版集团,2017 |
| 213页:图;22cm |
| ISBN 978-7-5086-7131-4(精装):CNY58.00 |
| 本书对無印良品的改革过程进行了总结,揭开导致业绩下滑的根本原因,并详细介绍了無印良品采取的一系列改革措施和所取得的成效。从中能看到無印良品将崇尚自然、简朴生活的企业文化和科学的经营管理有机结合、促进发展的成功模式。 |
| ● |
| 相关链接 |
|
|
|
正题名:无印良品的改革
索取号:F431.368/2
 
预约/预借
| 序号 | 登录号 | 条形码 | 馆藏地/架位号 | 状态 | 备注 |
| 1 | 856022 | 2000856022 | 第二书库/ [索取号:F431.368/2] | 在馆 | |
| 2 | 856023 | 2000856023 | 第二书库/ [索取号:F431.368/2] | 在馆 | |
| 3 | 856024 | 2000856024 | 第二书库/ [索取号:F431.368/2] | 在馆 |